RE2 VBB (Verkehrsverbund Berlin-Brandenburg) - Statistiken

Allgemein
  • Dieses Quiz wurde 64 mal gespielt
  • Das Durchschnittsergebnis liegt bei 16 aus 23
Antwortstatistiken
Hint Antwort % Korrekt
RE2 Berlin Hauptbahnhof
93%
RE2 Cottbus Hauptbahnhof
91%
RE2 Berlin Friedrichstraße
89%
RE2 Berlin Zoologischer Garten
87%
RE2 Berlin Alexanderplatz
85%
RE2 Berlin Ostbahnhof
85%
RE2 Berlin Ostkreuz
83%
RE2 Lübben (Spreewald)
83%
RE2 Lübbenau (Spreewald)
80%
RE2 Berlin Spandau
78%
RE2 Königs Wusterhausen
78%
RE2 Nauen
78%
RE2 Berlin Charlottenburg
76%
RE2 Brand Tropical Island
76%
RE2 Falkensee
63%
RE2 Vetschau
59%
RE2 Kolkwitz
46%
RE2 Brieselang
43%
RE2 Albrechtshof
41%
RE2 Raddusch
37%
RE2 Finkenkrug
35%
RE2 Seegefeld
35%
RE2 Kunersdorf
33%
Keine übereinstimmenden Quizze gefunden
Verteilung der Resultate
Anzahl Personen mit jedem Resultat
Perzentil nach korrekt beantworteten Fragen
Ihre Resultats-Entwicklung
Sie haben dieses Quiz noch nicht gespielt